000 00300nam a2200133Ia 4500
003 OSt
005 20231209101952.0
008 170524s9999 xx 000 0 und d
020 _a8175151919
040 _cIIMT UNIVERSITY
100 _aBASANDRA- S.K.
245 0 _aLOCAL AREA NETWORK
942 _2ddc
_c02
999 _c3464
_d3464